000 00732nam a22001817a 4500
999 _c371505
_d371505
008 201127b ||||| |||| 00| 0 eng d
040 _aDE-2950
_bger
_cDE-2950
_erda
041 _ager
245 _aBrandschützer fordern mehr Unterstützung von der Stadt.
_bAusrüstung: Investitionsrückstau und eine unterbesetzte Berufsfeuerwehr: Bei der Freiwilligen Feuerwehr in Frankfurt rumort es /
_cPhilipp Stepputtis
264 _c2022
653 _aFrankfurt (Oder)
653 _aFeuerwehr
773 _dFrankfurt (Oder) Märkisches Verlags- und Druckhaus GmbH & Co KG
_tMärkische Oderzeitung
_g33. Jahrgang (2022) Nr. 56 vom 08.03.2022, S. 13
942 _cA